Регионална библиотека "Любен Каравелов" - Русе

Отиваме на лекар (Запис номер 518636)

MARC детайли
000 -Лидер
Контролно поле с фиксирана дължина 01157nam a2200289 a 4500
003 - Код на организацията, давaща контролен номер
Контролно поле BLK
005 - Дата и час на последна редакция
Контролно поле 20241016174312.0
008 - Елементи от данни с фиксирана дължина
fixed length control field 181218b bu ||||| |||| 00| 0 bu d
020 ## - Международен стандартен номер на книга ISBN
Международен стандартен номер на книга ISBN 9789545276866
040 ## - Източник на каталожния запис
Идентификатор на билиотеката - собственик на записа BLK
041 ## - Код за език
Код за езика на текст/звукозапис или на отделно заглавие Български
Код за езика КДБФ Български
080 ## - УДК
Текстов определител УДК Медицина
УДК код - определител по УДК 61
УДК - код + определител 61
080 ## - УДК
Текстов определител УДК Педиатрия. Детски болести. Вж и 613.22 ; 613.95
УДК код - определител по УДК 616-053.2
УДК - код + определител 616-053.2
100 ## - Редна дума - Автор
R(LIN) 1299
Автор Кунас, Маури
Авторска отговорност първи автор
139 ## - Редно поле
Редна дума Кунас, Маури
Авторски знак Ку - К 93
245 ## - Сведения за заглавието
Заглавие Отиваме на лекар
Подзаглавни данни Маури Кунас; науч. ред. Катрийна Каупила; прев. Росица Цветанова
257 ## - Страна на издаване
Страна на създаване/издаване Финландия
260 ## - Област на издателските данни
9 (RLIN) 209515
Място на издаване, разпространение и проч. София
Име на издателя, разпространителя и проч. Дамян Яков
Година на издаване 2024
300 ## - Физическа характеристика
Страници 30 с.
Илюстрации и др. с цв. ил.
Размери/Мащаб 29 см
380 ## - Жанр
Жанр Детска отраслова лит.
650 #0 - Допълнително описание по предмет – тема
9 (RLIN) 260921
Основно описание – тема или топоним Детски болести - лечение
658 ## - Ключова дума – цел на учебна програма
9 (RLIN) 243025
Ключова дума – основна цел на учебна програма Детска и юношеска литература
700 ## - Други автори (авторска отговорност)
9 (RLIN) 350431
Лично име Цветанова, Росица
Автороска отговорност (Описва отношението между автора и произведението) прев.
942 ## - АРТИКУЛИ
Вид на библиотечния материал Книги
Скрит в OPAC Не
Koha issues (borrowed), all copies 58
Периодичен библиозапис Да
944 ## - СЪЗДАВАНЕ И РЕДАКЦИЯ на ЗАПИСА
Дата на регистрацията/редакция Нора Радева
Служител, извършил регистрацията/редакцията 30537
Статус, дата на статуса Грета Цуфелде
999 ## - СИСТЕМНИ КОНТРОЛНИ НОМЕРА
Koha biblionumber 518636
Koha biblioitemnumber 518636
999 ## - СИСТЕМНИ КОНТРОЛНИ НОМЕРА
Koha biblioitemnumber 518636
Наличности
Код за отписване Код за изгубен артикул Източник на класификационната схема Код за повреда Код за отдаване Артикулен № Име на библиотеката - собственик Име на библиотеката, в която се намира в момента Статус (Текущо местоположение) Дата на вписване в системата Местоположение - отдел Цена в лева Инвентарен номер Систематично азбучна сигнатура Баркод Цена в евро Служебен тип на артикула
  Не е изгубен Universal Decimal Classification Не е повреден заемане за дома 951049 Регионална библиотека "Любен Каравелов" Русе Регионална библиотека "Любен Каравелов" Русе Детски отдел 2024-10-08 Детски отдел 9.80 120000913685 ДН 61/К 93 М 120000913685 5.01 Книги
  Не е изгубен Universal Decimal Classification Не е повреден заемане за дома 951050 Регионална библиотека "Любен Каравелов" Русе Регионална библиотека "Любен Каравелов" Русе Детски отдел 2024-10-08 Детски отдел 9.80 120000913686 ДН 61/К 93 М 120000913686 5.01 Книги
Vip Innovations Ltd, Rousse, Bulgaria 2025